Gaming Quiz

Random Gaming or Video Games Quiz
Score 0/48 Timer 06:00
0 Plays Today
% Correct
Gen 1Pikachu
85%
Gen 1Sandshrew
82%
Gen 1Weedle
80.4%
Gen 1Clefairy
78.9%
Gen 1Muk
75.7%
Gen 1Jigglypuff
69.8%
Gen 1Abra
65.4%
Gen 1Ekans
65.1%
Gen 2Miltank
54.7%
Gen 3Silcoon
54.7%
Gen 3Mudkip
51.4%
Gen 2Furret
51%
Gen 2Girafarig
50.9%
Gen 2Meganium
50.8%
Gen 3Shedinja
49.1%
Gen 2Unown
48.6%
Gen 4Mothim
46.6%
Gen 4Drifloon
44.2%
Gen 3Combusken
41.8%
Gen 4Shellos
41.1%
Gen 6Chespin
41%
Gen 4Spiritomb
39.7%
Gen 2Natu
36.5%
Gen 5Lillipup
36.1%
% Correct
Gen 2Typhlosion
35%
Gen 7Rowlet
34.2%
Gen 5Klink
33.5%
Gen 6Fennekin
33.3%
Gen 5Joltik
32.6%
Gen 5Victini
31.4%
Gen 5Vanillite
31.2%
Gen 7Torracat
31.1%
Gen 4Shinx
29.4%
Gen 7Dartrix
28.1%
Gen 3Lotad
27%
Gen 7Decidueye
26%
Gen 7Incineroar
22.5%
Gen 6Spewpa
22%
Gen 6Chesnaught
21.9%
Gen 5Roggenrola
20.8%
Gen 6Quilladin
19.6%
Gen 5Sawk
12.5%
Gen 4Kricketune
12.3%
Gen 3Aron
12%
Gen 4Uxie
11.4%
Gen 6Inkay
11%
Gen 7Crabominable
6.8%
Gen 3Masquerain
5.3%

You're not logged in!

Compare scores with friends on all Sporcle quizzes.
OR
Log In

Sporcle TV

Today on Sporcle TV


Watch our educational content, quiz creation guides, and fun videos on Sporcle TV.

Show Comments

Extras

Top Quizzes Today


Score Distribution

Your Account Isn't Verified!

In order to create a playlist on Sporcle, you need to verify the email address you used during registration. Go to your Sporcle Settings to finish the process.

Report this User

Report this user for behavior that violates our Community Guidelines.

Details: